Géographie à 4 lettres - Statistiques

Statistiques générales
  • Ce quiz a été pris 757 fois
  • Le résultat moyen est 14 sur 20
Statistiques - réponses
Hint 4 lettres % Correct
Capitale de l'Italie Rome
98%
La plus grande ville d'Ukraine Kiev
95%
3ème plus grande ville de France Lyon
94%
La plus grande ville de Norvège Oslo
94%
Volcan en Sicile Etna
87%
Ville française sur la mer Méditerranée Nice
86%
Voisin du Ghana Togo
82%
La plus grande île de la mer des Caraïbes Cuba
81%
Pays de la péninsule arabique Oman
81%
Rivière de Strasbourg, Bâle et Düsseldorf Rhin
80%
Utilisé pour être appelé Perse Iran
79%
Nom irlandais pour l'Irlande Eire
76%
Pays de Tombouctou Mali
75%
État de Salt Lake City Utah
66%
Montagnes entre la France et la Suisse Jura
61%
Île de Jakarta Java
58%
Capitale de l'Allemagne de l'Ouest Bonn
57%
Un des Grands Lacs Erie
51%
Capitale des Fidji Suva
38%
Parc national et une montage dans le Sud-Ouest de la Bulgarie Rila
3%
Aucun quiz correspondant
Distribution des résultats
% des personnes avec chaque résultat
Percentile par nombre de réponses
Votre historique - résultats
Vous n’avez pas pris ce quiz